Aritmética y nociones de geometría : (Record no. 210036)
[ view plain ]
| 000 -CABECERA | |
|---|---|
| campo de control de longitud fija | 00626nam a2200193 a 4500 |
| 005 - FECHA Y HORA DE LA ÚLTIMA TRANSACCIÓN | |
| campo de control | 20231026155156.0 |
| 008 - DATOS DE LONGITUD FIJA--INFORMACIÓN GENERAL | |
| campo de control de longitud fija | 230815q1950 mx a||||r|||| 000 0 spa d |
| 040 ## - FUENTE DE CATALOGACIÓN | |
| Agencia de catalogación original | MX-MxUPN |
| Idioma de catalogación | spa |
| Agencia que realiza la transcripción | MX-MxUPN |
| 041 0# - | |
| -- | spa |
| 050 14 - | |
| -- | LB1589 M62 |
| -- | R63 |
| 100 1# - | |
| -- | Rozán, José E. |
| -- | 43865 |
| 245 10 - MENCIÓN DE TÍTULO | |
| Título | Aritmética y nociones de geometría : |
| Parte restante del título | segundo grado |
| 260 ## - PUBLICACION, DISTRIBUCION, ETC. (PIE DE IMPRENTA) | |
| Lugar de publicación, distribución, etc. | México, D.F. : |
| Nombre del editor, distribuidor, etc. | Textos Escolares, |
| Fecha de publicación, distribución, etc. | [1950?] |
| 300 ## - DESCRIPCIÓN FÍSICA | |
| Extensión | 248, 60 páginas : |
| Otros detalles físicos | ilustraciones |
| 650 #4 - | |
| -- | Aritmética |
| -- | Estudio y enseñanza (Elemental) |
| -- | 5289 |
| 902 ## - ELEMENTOS DE DATOS B LOCAL, LDB (RLIN) | |
| Creó | MarielOrtiz/150823 |
| Modificó | Víctor Ruiz/261023 |
| 942 ## - ELEMENTOS DE PUNTO DE ACCESO ADICIONAL (KOHA) | |
| Fuente del sistema de clasificación o colocación | Library of Congress Classification |
| Tipo de ítem Koha | Libro |
| Estado de retiro | Estado de pérdida | Fuente del sistema de clasificación o colocación | Estado dañado | No para préstamo | Código de colección | Localización permanente | Ubicación/localización actual | Ubicación en estantería | Fecha de adquisición | Signatura topográfica completa | Código de barras | Fecha visto por última vez | Precio válido a partir de | Tipo de ítem Koha |
|---|---|---|---|---|---|---|---|---|---|---|---|---|---|---|
| Library of Congress Classification | Disponible (Préstamo en sala) | Libros de texto | Bib. Gregorio Torres Quintero | Bib. Gregorio Torres Quintero | Colecciones especiales Planta alta | 15/08/2023 | LB1589 M62 R63 | 123538 | 15/08/2023 | 15/08/2023 | Libro |
